000
00205 a2200097 4500
001
10888
100
_a
N. Y.
245
_a
The Essantial Schopenhaver
260
_a
_b
Univers books
_c
090
_c
8461
_d
8461
942
_a
NUST-CAE
_c
M
_c
35224
999
_c
245961
_d
245961